MARC

Tag First Indicator Second Indicator Subfields
LEADER 00000nam a22000001i 4500
001 in00004598511
003 OCoLC
005 20220920121626.7
006 m |o d |
007 cr |n|||||||||
008 220920t20222022mduab ob 001 0 eng d
024 8 |a 99991869978 
035 |a (OCoLC)1312241108 
040 |a NhCcYBP  |b eng  |e rda  |e pn  |c NhCcYBP 
020 |a 9781421443614 (electronic bk.) 
020 |a 1421443619 (electronic bk.) 
020 |z 9781421443607 
020 |z 1421443600 
043 |a lnbm---  |a e-uk--- 
050 4 |a F1636  |b .J37 2022 
082 0 4 |a 972.99  |2 23/eng/20220207 
100 1 |a Jarvis, Michael  |q (Michael J.),  |e author. 
245 1 0 |a Isle of devils, isle of saints :  |b an Atlantic history of Bermuda, 1609-1684 /  |c Michael J. Jarvis. 
264 1 |a Baltimore :  |b Johns Hopkins University Press,  |c 2022. 
264 4 |c ©2022 
300 |a 1 online resource (xii, 481 pages) :  |b illustrations, maps. 
336 |a text  |b txt  |2 rdacontent 
337 |a computer  |b c  |2 rdamedia 
338 |a online resource  |b cr  |2 rdacarrier 
490 1 |a Early America: history, context, culture 
504 |a Includes bibliographical references and index. 
505 0 |a Introduction. A new Bermuda triangle -- Isle of Devils -- Planting a Christian commonwealth -- Bermuda : company and colony -- Becoming Bermudian : saints, slaves, and sinners -- Tobacco troubles : diversification in an expanding English Atlantic -- Clerical conflicts and civil war -- Restorations : king, company, colony -- The battle for Bermuda 1669-1684 -- Conclusion: Change and persistence in a new maritime Bermuda. 
588 |a Description based on print version record. 
610 2 0 |a Bermudas Company for the Plantation of the Somers Islands. 
650 0 |a Tobacco farms  |z Bermuda Islands  |x History  |y 17th century. 
650 0 |a Puritans  |z Bermuda Islands  |x History  |y 17th century. 
650 0 |a Slavery  |z Bermuda Islands  |x History  |y 17th century. 
651 0 |a Bermuda Islands  |x History  |y 17th century. 
651 0 |a Bermuda Islands  |x Social conditions  |y 17th century. 
651 0 |a Great Britain  |x Colonies  |z America  |x History  |y 17th century. 
650 6 |a Puritains  |0 (CaQQLa)201-0003934  |z Bermudes  |0 (CaQQLa)201-0425407  |x Histoire  |0 (CaQQLa)201-0378902  |y 17e siècle.  |0 (CaQQLa)201-0378902 
651 6 |a Bermudes  |0 (CaQQLa)201-0113833  |x Histoire  |0 (CaQQLa)201-0378902  |y 17e siècle.  |0 (CaQQLa)201-0378902 
651 6 |a Bermudes  |0 (CaQQLa)201-0113833  |x Conditions sociales  |0 (CaQQLa)201-0376396  |y 17e siècle.  |0 (CaQQLa)201-0376396 
651 6 |a Grande-Bretagne  |0 (CaQQLa)201-0163244  |x Colonies  |0 (CaQQLa)201-0163244  |z Amérique  |0 (CaQQLa)201-0163244  |x Histoire  |0 (CaQQLa)201-0378902  |y 17e siècle.  |0 (CaQQLa)201-0378902 
650 6 |a Plantations de tabac  |0 (CaQQLa)000266503  |z Bermudes  |0 (CaQQLa)201-0425407  |x Histoire  |0 (CaQQLa)201-0378902  |y 17e siècle.  |0 (CaQQLa)201-0378902 
610 2 7 |a Bermudas Company for the Plantation of the Somers Islands.  |2 fast  |0 (OCoLC)fst00721623 
650 7 |a British colonies.  |2 fast  |0 (OCoLC)fst01910374 
650 7 |a Puritans.  |2 fast  |0 (OCoLC)fst01084357 
650 7 |a Slavery.  |2 fast  |0 (OCoLC)fst01120426 
650 7 |a Social conditions.  |2 fast  |0 (OCoLC)fst01919811 
650 7 |a Tobacco farms.  |2 fast  |0 (OCoLC)fst01151893 
651 7 |a America.  |2 fast  |0 (OCoLC)fst01239786 
651 7 |a Bermuda Islands.  |2 fast  |0 (OCoLC)fst01206531 
655 7 |a Electronic books.  |2 local 
710 2 |a EBSCOhost 
776 1 8 |i Online version:  |a Jarvis, Michael (Michael J.).  |t Isle of devils, isle of saints.  |d Baltimore : Johns Hopkins University Press, 2022  |z 9781421443614  |w (OCoLC)1312241108 
776 1 8 |c Original  |z 9781421443607  |z 1421443600  |w (DLC) 2021026352  |w (OCoLC)1295617484 
830 0 |a Early America. 
856 4 0 |u http://proxy.library.tamu.edu/login?url=https://search.ebscohost.com/login.aspx?direct=true&scope=site&db=nlebk&db=nlabk&AN=3121945  |z Connect to the full text of this electronic book  |t 0 
945 |b 468874 
955 |a YBP purchased EBSCO DDA e-records 
980 |b ebook  |c 99991869978  |f NONFIC/S  |g 565702  |k USD  |m 65.96  |q 1  |s AcqMono Conventional  |t Demand driven acquisitions (DDA)  |u Vendor order reference number  |v ZYBP  |y PDA  |z Electronic resource 
999 f f |i 07939131-a0d5-4937-9015-7556ef0005d6  |s 177e5ad9-d46b-43ce-9dfa-01c606397014  |t 0 
952 f f |a Texas A&M University  |b College Station  |c Electronic Resources  |s www_evans  |d Available Online  |t 0  |e F1636 .J37 2022  |h Library of Congress classification